000 00351nam a2200145Ia 4500
008 191201s2011 xx 000 0 und d
082 _a624.17
_bVAA
100 _aVAZIRANI, V.N
245 0 _aAnalysis of Structures Vol-II
250 _aRep
260 _aN. delhi
_bKhanna Publisher
_c2011
300 _a1335
650 _aB.Tech(CE)
942 _2ddc
_cBK
999 _c5270
_d5270